| 000 | 01125nam a22003497a 4500 | ||
|---|---|---|---|
| 003 | CHAP | ||
| 005 | 20220817041152.0 | ||
| 008 | 971013s1991 r 00010 d | ||
| 010 | _a7821 | ||
| 011 | _a8793 | ||
| 035 | _a8024 | ||
| 040 | _cCHAP | ||
| 082 |
_a636.2 _bO73 |
||
| 110 |
_aOrganismo Internacional de Energía Atómica _983512 |
||
| 245 |
_aIsotope and related techniques in animal production and health _b: proceedings of... |
||
| 260 |
_aVienna : _bIAEA, _c1991 |
||
| 300 | _a611 p. | ||
| 490 | _aProceedings series | ||
| 590 |
_aBATCH-UPD _b10 _c20130110 _lUCH01 _h0850 |
||
| 590 |
_aBATCH-UPD _b10 _c20130410 _lUCH01 _h0522 |
||
| 590 |
_aBATCH-UPD _b10 _c20130914 _lUCH01 _h1504 |
||
| 590 |
_aCONVERSION _b10 _c20130109 _lUCH01 _h1305 |
||
| 650 | 1 | 4 |
_aGanado _xProducción. _944945 |
| 650 | 1 | 4 | _aNutrición animal. |
| 650 | 1 | 4 |
_aRadioisótopos _xEfectos fisiológicos. _993702 |
| 650 | 1 | 4 |
_aRumiantes _xAlimentación. |
| 650 | 1 | 4 |
_aSanidad animal. _9102221 |
| 830 | 0 |
_aProceedings series _991731 |
|
| 901 | _aBK | ||
| 942 | _cLIBRO | ||
| 949 |
_a636.2 O73 _bBC _cLIBRO _d33724000097432 _eLIBRO _h84345 _i8024 _mD _sb |
||
| 999 |
_c7821 _d7821 |
||